Test de Rapidité: JetPunker - Statistiques

Statistiques générales
  • Ce quiz a été pris 741 fois
  • Le résultat moyen est 8 sur 15
Statistiques - réponses
Jetpunker Réponse % Correct
Quizmaster Quizmaster
99%
Stewart Stewart
96%
baptistegorce baptistegorce
88%
Jerry928 Jerry928
87%
Gamer1162 Gamer1162
78%
Gassu Gassu
73%
LBA LBA
69%
Freely Freely
62%
HinesBrothers HinesBrothers
40%
Quizzer6794 Quizzer6794
21%
skukka skukka
18%
relessness relessness
9%
scambigol scambigol
5%
katsudk katsudk
4%
punkfrancais punkfrancais
2%
Aucun quiz correspondant
Distribution des résultats
% des personnes avec chaque résultat
Percentile par nombre de réponses
Votre historique - résultats
Vous n’avez pas pris ce quiz